[Event "April 9 Early 2024"]
[Site "Chess.com"]
[Date "2024.04.09"]
[Round "6"]
[White "Liu, Casper"]
[Black "Crevatin, Leo"]
[Result "1-0"]
[Board "104"]
[WhiteFideId "1454153"]
[BlackFideId "1726307"]
[WhiteTitle "FM"]
[BlackTitle "FM"]
[WhiteElo "2504"]
[BlackElo "2668"]
[WhiteTeam "DEN"]
[BlackTeam "SWE"]
[WhiteClock "0:00:09"]
[BlackClock "0:00:00"]
[Variant "Standard"]

1. d4 {[%clk 0:03:00]}  Nf6 {[%clk 0:02:59]} 2. Bf4 {[%clk 0:03:01]}  d5 {[%clk 0:02:58]} 3. Bg3 {[%clk 0:03:02]}  Bf5 {[%clk 0:02:52]} 4. e3 {[%clk 0:03:01]}  e6 {[%clk 0:02:52]} 5. c4 {[%clk 0:03:01]}  c6 {[%clk 0:02:46]} 6. Nc3 {[%clk 0:03:01]}  Nbd7 {[%clk 0:02:45]} 7. Qb3 {[%clk 0:03:01]}  Nh5 {[%clk 0:02:25]} 8. Qxb7 {[%clk 0:02:56]}  Nxg3 {[%clk 0:02:24]} 9. hxg3 {[%clk 0:02:57]}  Rb8 {[%clk 0:02:22]} 10. Qxc6 {[%clk 0:02:57]}  Rb6 {[%clk 0:02:11]} 11. Qa4 {[%clk 0:02:53]}  Rxb2 {[%clk 0:02:11]} 12. c5 {[%clk 0:02:48]}  Be7 {[%clk 0:01:35]} 13. Bb5 {[%clk 0:02:47]}  a6 {[%clk 0:01:22]} 14. Bc6 {[%clk 0:02:27]}  Bc2 {[%clk 0:01:11]} 15. Qa3 {[%clk 0:02:28]}  Rb8 {[%clk 0:01:10]} 16. Kd2 {[%clk 0:02:25]}  Bg6 {[%clk 0:01:08]} 17. Qa4 {[%clk 0:02:24]}  Rb2+ {[%clk 0:00:57]} 18. Ke1 {[%clk 0:02:20]}  Bc2 {[%clk 0:00:54]} 19. Qa3 {[%clk 0:02:09]}  Rb8 {[%clk 0:00:52]} 20. Qxa6 {[%clk 0:01:17]}  O-O {[%clk 0:00:51]} 21. Nf3 {[%clk 0:01:11]}  Bf6 {[%clk 0:00:45]} 22. Qa7 {[%clk 0:01:09]}  Nxc5 {[%clk 0:00:23]} 23. Qxc5 {[%clk 0:01:07]}  Rc8 {[%clk 0:00:24]} 24. Nb5 {[%clk 0:00:53]}  Ba4 {[%clk 0:00:20]} 25. Ke2 {[%clk 0:00:43]}  Be7 {[%clk 0:00:15]} 26. Qa7 {[%clk 0:00:33]}  Bxb5+ {[%clk 0:00:06]} 27. Bxb5 {[%clk 0:00:34]}  Rc2+ {[%clk 0:00:06]} 28. Kf1 {[%clk 0:00:34]}  Bd6 {[%clk 0:00:05]} 29. Bd3 {[%clk 0:00:32]}  Rc3 {[%clk 0:00:03]} 30. Bxh7+ {[%clk 0:00:32]}  Kh8 {[%clk 0:00:03]} 31. Qa4 {[%clk 0:00:19]}  g5 {[%clk 0:00:02]} 32. Qd1 {[%clk 0:00:15]}  Kg7 {[%clk 0:00:02]} 33. Qb1 {[%clk 0:00:13]}  Rh8 {[%clk 0:00:02]} 34. Rh5 {[%clk 0:00:13]}  Be7 {[%clk 0:00:01]} 35. g4 {[%clk 0:00:11]}  Qc7 {[%clk 0:00:01]} 36. Bd3 {[%clk 0:00:10]}  Rxh5 {[%clk 0:00:01]} 37. gxh5 {[%clk 0:00:11]}  Kh6 {[%clk 0:00:02]} 38. Ne5 {[%clk 0:00:10]}  Bf6 {[%clk 0:00:01]} 39. Ng4+ {[%clk 0:00:08]}  Kg7 {[%clk 0:00:01]} 40. h6+ {[%clk 0:00:09]}  Kf8 {[%clk 0:00:00]} 41. Nxf6 {[%clk 0:00:09]} 1-0

[Event "April 9 Early 2024"]
[Site "Chess.com"]
[Date "2024.04.09"]
[Round "6"]
[White "Guliev, Logman"]
[Black "Kotlyar, Kirill"]
[Result "1/2-1/2"]
[Board "105"]
[WhiteFideId "13400061"]
[BlackFideId "24145599"]
[WhiteTitle "IM"]
[BlackTitle "FM"]
[WhiteElo "2498"]
[BlackElo "2662"]
[WhiteTeam "AZE"]
[BlackTeam "RUS"]
[WhiteClock "0:00:14"]
[BlackClock "0:00:55"]
[Variant "Standard"]

1. e4 {[%clk 0:02:24]}  e5 {[%clk 0:02:59]} 2. Nf3 {[%clk 0:02:24]}  Nc6 {[%clk 0:02:58]} 3. Bb5 {[%clk 0:02:24]}  a6 {[%clk 0:02:58]} 4. Ba4 {[%clk 0:02:24]}  Nf6 {[%clk 0:02:59]} 5. O-O {[%clk 0:02:24]}  Be7 {[%clk 0:03:00]} 6. Re1 {[%clk 0:02:25]}  O-O {[%clk 0:02:59]} 7. Bxc6 {[%clk 0:02:22]}  bxc6 {[%clk 0:02:49]} 8. Nxe5 {[%clk 0:02:22]}  Bb7 {[%clk 0:02:46]} 9. d4 {[%clk 0:02:20]}  d5 {[%clk 0:02:44]} 10. exd5 {[%clk 0:02:13]}  cxd5 {[%clk 0:02:45]} 11. Bf4 {[%clk 0:02:01]}  c5 {[%clk 0:02:40]} 12. c3 {[%clk 0:01:57]}  Re8 {[%clk 0:02:36]} 13. Nd2 {[%clk 0:01:55]}  Qb6 {[%clk 0:02:35]} 14. Qb3 {[%clk 0:01:48]}  Qa7 {[%clk 0:02:31]} 15. Ndf3 {[%clk 0:01:44]}  Ne4 {[%clk 0:02:29]} 16. dxc5 {[%clk 0:01:04]}  Bxc5 {[%clk 0:02:26]} 17. Be3 {[%clk 0:01:04]}  Bxe3 {[%clk 0:02:08]} 18. Rxe3 {[%clk 0:01:03]}  f6 {[%clk 0:02:08]} 19. Rxe4 {[%clk 0:01:01]}  fxe5 {[%clk 0:02:06]} 20. Rxe5 {[%clk 0:01:01]}  Rxe5 {[%clk 0:02:02]} 21. Nxe5 {[%clk 0:01:00]}  Rf8 {[%clk 0:02:03]} 22. Nf3 {[%clk 0:00:57]}  Ba8 {[%clk 0:01:58]} 23. Re1 {[%clk 0:00:57]}  Kh8 {[%clk 0:01:54]} 24. Nd4 {[%clk 0:00:54]}  Qf7 {[%clk 0:01:53]} 25. f3 {[%clk 0:00:53]}  Qg6 {[%clk 0:01:52]} 26. Qb4 {[%clk 0:00:50]}  Rg8 {[%clk 0:01:47]} 27. Qe7 {[%clk 0:00:48]}  h6 {[%clk 0:01:43]} 28. h3 {[%clk 0:00:47]}  Qg3 {[%clk 0:01:40]} 29. Nf5 {[%clk 0:00:45]}  Qg6 {[%clk 0:01:38]} 30. Qe6 {[%clk 0:00:33]}  Qg5 {[%clk 0:01:35]} 31. Nd6 {[%clk 0:00:32]}  Qd2 {[%clk 0:01:24]} 32. Nf7+ {[%clk 0:00:22]}  Kh7 {[%clk 0:01:25]} 33. Qf5+ {[%clk 0:00:20]}  g6 {[%clk 0:01:24]} 34. Qe5 {[%clk 0:00:20]}  Rf8 {[%clk 0:01:07]} 35. Qe7 {[%clk 0:00:19]}  Kg8 {[%clk 0:01:04]} 36. Nd6 {[%clk 0:00:15]}  Bc6 {[%clk 0:01:01]} 37. Qe6+ {[%clk 0:00:15]}  Kh7 {[%clk 0:00:57]} 38. Qe7+ {[%clk 0:00:13]}  Kg8 {[%clk 0:00:57]} 39. Qe6+ {[%clk 0:00:14]}  Kh7 {[%clk 0:00:58]} 40. Re2 {[%clk 0:00:14]}  Qc1+ {[%clk 0:00:56]} 41. Re1 {[%clk 0:00:14]}  Qd2 {[%clk 0:00:55]} 1/2-1/2

[Event "April 9 Early 2024"]
[Site "Chess.com"]
[Date "2024.04.09"]
[Round "6"]
[White "Gubajdullin, Alexei"]
[Black "Wael Sabry, Mina"]
[Result "1-0"]
[Board "111"]
[WhiteFideId "4141202"]
[BlackFideId "10670173"]
[WhiteTitle "FM"]
[BlackTitle "CM"]
[WhiteElo "2644"]
[BlackElo "2447"]
[WhiteTeam "RUS"]
[BlackTeam "EGY"]
[WhiteClock "0:02:40"]
[BlackClock "0:02:27"]
[Variant "Standard"]

1. Nf3 {[%clk 0:03:00]}  Nf6 {[%clk 0:02:59]} 2. g3 {[%clk 0:03:00]}  g6 {[%clk 0:03:00]} 3. Bg2 {[%clk 0:03:00]}  Bg7 {[%clk 0:03:00]} 4. O-O {[%clk 0:03:01]}  Bf8 {[%clk 0:03:01]} 5. c4 {[%clk 0:03:00]}  Bg7 {[%clk 0:03:01]} 6. Nc3 {[%clk 0:03:00]}  O-O {[%clk 0:03:00]} 7. Rb1 {[%clk 0:02:59]}  c5 {[%clk 0:02:58]} 8. a3 {[%clk 0:02:59]}  Nc6 {[%clk 0:02:58]} 9. b4 {[%clk 0:02:59]}  cxb4 {[%clk 0:02:58]} 10. axb4 {[%clk 0:02:58]}  d5 {[%clk 0:02:58]} 11. b5 {[%clk 0:02:56]}  Na5 {[%clk 0:02:57]} 12. Nxd5 {[%clk 0:02:52]}  Nxd5 {[%clk 0:02:56]} 13. cxd5 {[%clk 0:02:51]}  Qxd5 {[%clk 0:02:54]} 14. d3 {[%clk 0:02:51]}  Rd8 {[%clk 0:02:52]} 15. Bd2 {[%clk 0:02:50]}  Qa2 {[%clk 0:02:45]} 16. Bb4 {[%clk 0:02:45]}  Bf6 {[%clk 0:02:37]} 17. Qd2 {[%clk 0:02:41]}  Qxd2 {[%clk 0:02:27]} 18. Nxd2 {[%clk 0:02:40]} 1-0

[Event "April 9 Early 2024"]
[Site "Chess.com"]
[Date "2024.04.09"]
[Round "6"]
[White "Rees, Ioan"]
[Black "Navarrete Mendez, Gonzalo Alberto"]
[Result "1-0"]
[Board "114"]
[WhiteFideId "1801236"]
[BlackFideId "5106850"]
[WhiteTitle "FM"]
[BlackTitle "FM"]
[WhiteElo "2438"]
[BlackElo "2642"]
[WhiteTeam "WLS"]
[BlackTeam "MEX"]
[WhiteClock "0:00:19"]
[BlackClock "0:00:00"]
[Variant "Standard"]

1. e4 {[%clk 0:02:55]}  e5 {[%clk 0:02:59]} 2. Nf3 {[%clk 0:02:55]}  Nc6 {[%clk 0:02:59]} 3. Bc4 {[%clk 0:02:55]}  Nf6 {[%clk 0:02:59]} 4. d3 {[%clk 0:02:56]}  d5 {[%clk 0:02:59]} 5. exd5 {[%clk 0:02:54]}  Nxd5 {[%clk 0:03:00]} 6. O-O {[%clk 0:02:49]}  Bc5 {[%clk 0:03:00]} 7. c3 {[%clk 0:02:42]}  O-O {[%clk 0:02:50]} 8. Bb3 {[%clk 0:02:41]}  Bg4 {[%clk 0:02:39]} 9. h3 {[%clk 0:02:41]}  Bh5 {[%clk 0:02:39]} 10. Re1 {[%clk 0:02:41]}  Nf6 {[%clk 0:02:36]} 11. Qe2 {[%clk 0:02:27]}  Re8 {[%clk 0:02:17]} 12. Nbd2 {[%clk 0:02:26]}  e4 {[%clk 0:02:03]} 13. Nxe4 {[%clk 0:02:06]}  Nxe4 {[%clk 0:01:57]} 14. dxe4 {[%clk 0:02:07]}  Ne5 {[%clk 0:01:43]} 15. g4 {[%clk 0:01:57]}  Qf6 {[%clk 0:00:40]} 16. Nxe5 {[%clk 0:01:49]}  Qxe5 {[%clk 0:00:40]} 17. Qf3 {[%clk 0:01:38]}  Bg6 {[%clk 0:00:37]} 18. Bf4 {[%clk 0:01:35]}  Qe7 {[%clk 0:00:37]} 19. e5 {[%clk 0:01:31]}  c6 {[%clk 0:00:33]} 20. e6 {[%clk 0:01:28]}  f5 {[%clk 0:00:22]} 21. Rad1 {[%clk 0:01:24]}  Rad8 {[%clk 0:00:20]} 22. Rxd8 {[%clk 0:01:17]}  Rxd8 {[%clk 0:00:21]} 23. Bg5 {[%clk 0:01:15]}  Qxg5 {[%clk 0:00:15]} 24. e7+ {[%clk 0:01:15]}  Kh8 {[%clk 0:00:14]} 25. exd8=Q+ {[%clk 0:01:12]}  Qxd8 {[%clk 0:00:15]} 26. Kg2 {[%clk 0:00:41]}  h5 {[%clk 0:00:14]} 27. Be6 {[%clk 0:00:33]}  fxg4 {[%clk 0:00:11]} 28. hxg4 {[%clk 0:00:34]}  Qg5 {[%clk 0:00:11]} 29. Rh1 {[%clk 0:00:25]}  Qe5 {[%clk 0:00:07]} 30. Bf5 {[%clk 0:00:22]}  Bf7 {[%clk 0:00:06]} 31. Be4 {[%clk 0:00:19]}  Be8 {[%clk 0:00:04]} 32. Qf5 {[%clk 0:00:19]}  Qxf5 {[%clk 0:00:03]} 33. Bxf5 {[%clk 0:00:20]}  g6 {[%clk 0:00:02]} 34. Be4 {[%clk 0:00:19]}  Bf7 {[%clk 0:00:02]} 35. gxh5 {[%clk 0:00:18]}  gxh5 {[%clk 0:00:03]} 36. Bf3 {[%clk 0:00:19]}  Bxa2 {[%clk 0:00:03]} 37. Bxh5 {[%clk 0:00:18]}  Kg7 {[%clk 0:00:03]} 38. Bf3 {[%clk 0:00:19]}  a5 {[%clk 0:00:00]} 39. Rd1 {[%clk 0:00:19]} 1-0

[Event "April 9 Early 2024"]
[Site "Chess.com"]
[Date "2024.04.09"]
[Round "6"]
[White "Toropov, Pavel"]
[Black "Shishkov, Andrei"]
[Result "1-0"]
[Board "115"]
[WhiteFideId "24129178"]
[BlackFideId "4500563"]
[WhiteTitle "FM"]
[BlackTitle "IM"]
[WhiteElo "2641"]
[BlackElo "2422"]
[WhiteTeam "RUS"]
[BlackTeam "EST"]
[WhiteClock "0:01:25"]
[BlackClock "0:00:06"]
[Variant "Standard"]

1. e4 {[%clk 0:03:00]}  d5 {[%clk 0:02:59]} 2. exd5 {[%clk 0:03:00]}  Nf6 {[%clk 0:02:57]} 3. d4 {[%clk 0:03:00]}  Nxd5 {[%clk 0:02:57]} 4. c4 {[%clk 0:03:00]}  Nb6 {[%clk 0:02:57]} 5. Nf3 {[%clk 0:03:00]}  Bg4 {[%clk 0:02:56]} 6. Be3 {[%clk 0:02:58]}  e5 {[%clk 0:02:54]} 7. d5 {[%clk 0:02:45]}  Bb4+ {[%clk 0:02:42]} 8. Nbd2 {[%clk 0:02:39]}  O-O {[%clk 0:02:37]} 9. h3 {[%clk 0:02:35]}  Bh5 {[%clk 0:02:09]} 10. g4 {[%clk 0:02:34]}  Bg6 {[%clk 0:02:09]} 11. Nxe5 {[%clk 0:02:34]}  N8d7 {[%clk 0:01:49]} 12. Nxg6 {[%clk 0:02:29]}  fxg6 {[%clk 0:01:46]} 13. Qb3 {[%clk 0:02:25]}  Bxd2+ {[%clk 0:01:13]} 14. Kxd2 {[%clk 0:02:26]}  Ne5 {[%clk 0:00:55]} 15. Rd1 {[%clk 0:02:22]}  a5 {[%clk 0:00:44]} 16. Kc1 {[%clk 0:02:15]}  a4 {[%clk 0:00:44]} 17. Qc3 {[%clk 0:02:15]}  Qe7 {[%clk 0:00:17]} 18. c5 {[%clk 0:02:07]}  Nbd7 {[%clk 0:00:16]} 19. a3 {[%clk 0:02:04]}  Kh8 {[%clk 0:00:16]} 20. Kb1 {[%clk 0:01:59]}  b6 {[%clk 0:00:16]} 21. d6 {[%clk 0:01:58]}  cxd6 {[%clk 0:00:15]} 22. cxd6 {[%clk 0:01:55]}  Qe6 {[%clk 0:00:13]} 23. Bg2 {[%clk 0:01:51]}  Rac8 {[%clk 0:00:13]} 24. Qb4 {[%clk 0:01:49]}  Nc5 {[%clk 0:00:12]} 25. Bd5 {[%clk 0:01:44]}  Qxd6 {[%clk 0:00:11]} 26. Bb7 {[%clk 0:01:40]}  Ned3 {[%clk 0:00:11]} 27. Bxc8 {[%clk 0:01:36]}  Rxc8 {[%clk 0:00:10]} 28. Bxc5 {[%clk 0:01:35]}  Rxc5 {[%clk 0:00:09]} 29. Qe4 {[%clk 0:01:25]}  Rd5 {[%clk 0:00:06]} 30. Qe8+ {[%clk 0:01:25]} 1-0

[Event "April 9 Early 2024"]
[Site "Chess.com"]
[Date "2024.04.09"]
[Round "6"]
[White "Garcia Molina, Jose"]
[Black "Kvaloy, Aksel Bu"]
[Result "0-1"]
[Board "117"]
[WhiteFideId "32030592"]
[BlackFideId "1528815"]
[WhiteTitle "FM"]
[BlackTitle "IM"]
[WhiteElo "2400"]
[BlackElo "2639"]
[WhiteTeam "ESP"]
[BlackTeam "NOR"]
[WhiteClock "0:00:22"]
[BlackClock "0:00:58"]
[Variant "Standard"]

1. Nf3 {[%clk 0:03:00]}  Nf6 {[%clk 0:02:58]} 2. b3 {[%clk 0:03:00]}  d5 {[%clk 0:02:58]} 3. Bb2 {[%clk 0:03:00]}  Bg4 {[%clk 0:02:56]} 4. e3 {[%clk 0:02:57]}  Nbd7 {[%clk 0:02:55]} 5. d4 {[%clk 0:02:55]}  e6 {[%clk 0:02:41]} 6. Be2 {[%clk 0:02:55]}  Be7 {[%clk 0:02:40]} 7. h3 {[%clk 0:02:50]}  Bh5 {[%clk 0:02:40]} 8. O-O {[%clk 0:02:47]}  O-O {[%clk 0:02:40]} 9. c4 {[%clk 0:02:48]}  c6 {[%clk 0:02:40]} 10. Nc3 {[%clk 0:02:47]}  Ne4 {[%clk 0:02:39]} 11. Re1 {[%clk 0:02:37]}  f5 {[%clk 0:02:36]} 12. Nd2 {[%clk 0:02:35]}  Bxe2 {[%clk 0:02:29]} 13. Qxe2 {[%clk 0:02:36]}  Bh4 {[%clk 0:02:29]} 14. g3 {[%clk 0:02:09]}  Be7 {[%clk 0:02:15]} 15. Nf1 {[%clk 0:02:05]}  Bd6 {[%clk 0:02:15]} 16. f4 {[%clk 0:01:56]}  g5 {[%clk 0:02:13]} 17. Kh2 {[%clk 0:01:55]}  Kh8 {[%clk 0:02:13]} 18. Nxe4 {[%clk 0:01:36]}  fxe4 {[%clk 0:02:12]} 19. Rad1 {[%clk 0:01:36]}  gxf4 {[%clk 0:02:10]} 20. exf4 {[%clk 0:01:36]}  Qf6 {[%clk 0:02:02]} 21. Bc1 {[%clk 0:01:32]}  Rg8 {[%clk 0:01:56]} 22. Be3 {[%clk 0:01:31]}  Raf8 {[%clk 0:01:55]} 23. Qh5 {[%clk 0:01:18]}  Rg6 {[%clk 0:01:49]} 24. Rd2 {[%clk 0:01:15]}  Rh6 {[%clk 0:01:49]} 25. Qd1 {[%clk 0:01:15]}  Rg8 {[%clk 0:01:45]} 26. Rg2 {[%clk 0:00:49]}  Rxh3+ {[%clk 0:01:39]} 27. Kg1 {[%clk 0:00:48]}  Qh6 {[%clk 0:01:37]} 28. f5 {[%clk 0:00:44]}  Rh1+ {[%clk 0:01:33]} 29. Kf2 {[%clk 0:00:44]}  Qf8 {[%clk 0:01:32]} 30. Nd2 {[%clk 0:00:22]}  Qxf5+ {[%clk 0:01:26]} 31. Ke2 {[%clk 0:00:21]}  Qg4+ {[%clk 0:01:11]} 32. Kf2 {[%clk 0:00:21]}  Rf8+ {[%clk 0:01:08]} 33. Bf4 {[%clk 0:00:22]}  Qxd1 {[%clk 0:01:04]} 34. Rxd1 {[%clk 0:00:21]}  Rxd1 {[%clk 0:01:05]} 35. Ke3 {[%clk 0:00:22]}  Bxf4+ {[%clk 0:01:01]} 36. gxf4 {[%clk 0:00:22]}  Nf6 {[%clk 0:00:58]} 0-1

[Event "April 9 Early 2024"]
[Site "Chess.com"]
[Date "2024.04.09"]
[Round "6"]
[White "Tari, Aryan"]
[Black "Lehtosaari, Mauri"]
[Result "1-0"]
[Board "121"]
[WhiteFideId "1510045"]
[BlackFideId "501999"]
[WhiteTitle "GM"]
[WhiteElo "2899"]
[BlackElo "2555"]
[WhiteTeam "NOR"]
[BlackTeam "FIN"]
[WhiteClock "0:00:49"]
[BlackClock "0:00:22"]
[Variant "Standard"]

1. d4 {[%clk 0:03:00]}  d5 {[%clk 0:02:58]} 2. Nf3 {[%clk 0:03:00]}  Nf6 {[%clk 0:02:57]} 3. Bf4 {[%clk 0:03:00]}  e6 {[%clk 0:02:56]} 4. e3 {[%clk 0:03:00]}  c5 {[%clk 0:02:55]} 5. Nbd2 {[%clk 0:03:00]}  Bd6 {[%clk 0:02:55]} 6. dxc5 {[%clk 0:02:53]}  Bxc5 {[%clk 0:02:54]} 7. Bd3 {[%clk 0:02:50]}  Bd6 {[%clk 0:02:52]} 8. O-O {[%clk 0:02:47]}  Bxf4 {[%clk 0:02:49]} 9. exf4 {[%clk 0:02:48]}  O-O {[%clk 0:02:50]} 10. c3 {[%clk 0:02:47]}  Nc6 {[%clk 0:02:37]} 11. Re1 {[%clk 0:02:46]}  b6 {[%clk 0:02:19]} 12. Nb3 {[%clk 0:02:43]}  Bb7 {[%clk 0:02:19]} 13. Nbd4 {[%clk 0:02:42]}  Rc8 {[%clk 0:02:15]} 14. Qe2 {[%clk 0:02:37]}  Na5 {[%clk 0:02:09]} 15. Ne5 {[%clk 0:02:34]}  Qc7 {[%clk 0:02:00]} 16. Rad1 {[%clk 0:02:24]}  Nc4 {[%clk 0:01:59]} 17. Bb1 {[%clk 0:02:19]}  a6 {[%clk 0:01:53]} 18. h4 {[%clk 0:02:12]}  b5 {[%clk 0:01:48]} 19. h5 {[%clk 0:02:12]}  Ne4 {[%clk 0:01:46]} 20. h6 {[%clk 0:02:06]}  g6 {[%clk 0:01:41]} 21. Bxe4 {[%clk 0:01:31]}  dxe4 {[%clk 0:01:40]} 22. Nxe6 {[%clk 0:01:21]}  fxe6 {[%clk 0:01:30]} 23. Rd7 {[%clk 0:01:21]}  Qb6 {[%clk 0:00:59]} 24. Rg7+ {[%clk 0:01:20]}  Kh8 {[%clk 0:00:59]} 25. Nf7+ {[%clk 0:01:18]}  Rxf7 {[%clk 0:00:58]} 26. Rxf7 {[%clk 0:01:18]}  Rd8 {[%clk 0:00:50]} 27. Rd1 {[%clk 0:00:50]}  Rxd1+ {[%clk 0:00:21]} 28. Qxd1 {[%clk 0:00:50]}  Bd5 {[%clk 0:00:22]} 29. Rf8# {[%clk 0:00:49]} 1-0

[Event "April 9 Early 2024"]
[Site "Chess.com"]
[Date "2024.04.09"]
[Round "6"]
[White "Bartel, Mateusz"]
[Black "Vlassov, Nikolai"]
[Result "1-0"]
[Board "123"]
[WhiteFideId "1112635"]
[BlackFideId "4103360"]
[WhiteTitle "GM"]
[BlackTitle "IM"]
[WhiteElo "2812"]
[BlackElo "2548"]
[WhiteTeam "POL"]
[BlackTeam "FID"]
[WhiteClock "0:00:09"]
[BlackClock "0:00:06"]
[Variant "Standard"]

1. e4 {[%clk 0:03:00]}  Nc6 {[%clk 0:02:58]} 2. Nf3 {[%clk 0:02:59]}  d5 {[%clk 0:02:58]} 3. exd5 {[%clk 0:02:57]}  Qxd5 {[%clk 0:02:59]} 4. Nc3 {[%clk 0:02:57]}  Qa5 {[%clk 0:02:59]} 5. h3 {[%clk 0:02:57]}  e5 {[%clk 0:02:55]} 6. Bb5 {[%clk 0:02:47]}  Bd7 {[%clk 0:02:52]} 7. O-O {[%clk 0:02:45]}  Bd6 {[%clk 0:02:48]} 8. d4 {[%clk 0:02:40]}  exd4 {[%clk 0:02:45]} 9. Nxd4 {[%clk 0:02:33]}  Nge7 {[%clk 0:02:45]} 10. Nxc6 {[%clk 0:02:29]}  bxc6 {[%clk 0:02:39]} 11. Bd3 {[%clk 0:02:28]}  O-O {[%clk 0:02:39]} 12. Ne4 {[%clk 0:02:18]}  Bf5 {[%clk 0:02:29]} 13. Nxd6 {[%clk 0:02:13]}  cxd6 {[%clk 0:02:29]} 14. Bd2 {[%clk 0:02:05]}  Qd5 {[%clk 0:02:27]} 15. Bxf5 {[%clk 0:01:48]}  Nxf5 {[%clk 0:02:26]} 16. Bf4 {[%clk 0:01:48]}  Qc4 {[%clk 0:02:02]} 17. Bh2 {[%clk 0:01:29]}  d5 {[%clk 0:02:01]} 18. b3 {[%clk 0:01:25]}  Qc3 {[%clk 0:01:51]} 19. Qd3 {[%clk 0:01:25]}  Qxd3 {[%clk 0:01:49]} 20. cxd3 {[%clk 0:01:26]}  Rfe8 {[%clk 0:01:47]} 21. Rfe1 {[%clk 0:01:26]}  f6 {[%clk 0:01:46]} 22. Kf1 {[%clk 0:01:25]}  Kf7 {[%clk 0:01:42]} 23. Rac1 {[%clk 0:01:24]}  Nd4 {[%clk 0:01:41]} 24. Bf4 {[%clk 0:01:19]}  Rxe1+ {[%clk 0:01:37]} 25. Rxe1 {[%clk 0:01:18]}  a5 {[%clk 0:01:30]} 26. Rc1 {[%clk 0:01:04]}  Ra6 {[%clk 0:01:29]} 27. Be3 {[%clk 0:01:02]}  Ne6 {[%clk 0:01:25]} 28. a4 {[%clk 0:01:00]}  f5 {[%clk 0:01:15]} 29. g3 {[%clk 0:00:52]}  Ke7 {[%clk 0:01:12]} 30. Ke2 {[%clk 0:00:51]}  Kd6 {[%clk 0:01:12]} 31. Kd1 {[%clk 0:00:49]}  g5 {[%clk 0:01:02]} 32. Kc2 {[%clk 0:00:20]}  Ra8 {[%clk 0:01:01]} 33. Kb2 {[%clk 0:00:18]}  Rb8 {[%clk 0:00:58]} 34. Ka2 {[%clk 0:00:18]}  Ra8 {[%clk 0:00:50]} 35. Bd2 {[%clk 0:00:17]}  h5 {[%clk 0:00:50]} 36. Re1 {[%clk 0:00:15]}  g4 {[%clk 0:00:48]} 37. hxg4 {[%clk 0:00:14]}  hxg4 {[%clk 0:00:44]} 38. Rh1 {[%clk 0:00:14]}  Nc5 {[%clk 0:00:37]} 39. Rh6+ {[%clk 0:00:14]}  Kd7 {[%clk 0:00:36]} 40. d4 {[%clk 0:00:15]}  Ne4 {[%clk 0:00:35]} 41. Be3 {[%clk 0:00:13]}  Nc3+ {[%clk 0:00:33]} 42. Ka3 {[%clk 0:00:11]}  Re8 {[%clk 0:00:31]} 43. Rh7+ {[%clk 0:00:11]}  Kc8 {[%clk 0:00:28]} 44. Ra7 {[%clk 0:00:11]}  Nd1 {[%clk 0:00:27]} 45. Ra8+ {[%clk 0:00:11]}  Kd7 {[%clk 0:00:27]} 46. Rxe8 {[%clk 0:00:12]}  Kxe8 {[%clk 0:00:27]} 47. b4 {[%clk 0:00:13]}  axb4+ {[%clk 0:00:27]} 48. Kxb4 {[%clk 0:00:13]}  Kd7 {[%clk 0:00:27]} 49. a5 {[%clk 0:00:13]}  Kc7 {[%clk 0:00:27]} 50. Kc5 {[%clk 0:00:13]}  Nb2 {[%clk 0:00:24]} 51. Bf4+ {[%clk 0:00:12]}  Kb7 {[%clk 0:00:25]} 52. a6+ {[%clk 0:00:11]}  Kxa6 {[%clk 0:00:24]} 53. Kxc6 {[%clk 0:00:12]}  Nd3 {[%clk 0:00:23]} 54. Kxd5 {[%clk 0:00:11]}  Nxf2 {[%clk 0:00:21]} 55. Ke5 {[%clk 0:00:12]}  Kb5 {[%clk 0:00:21]} 56. d5 {[%clk 0:00:11]}  Nd3+ {[%clk 0:00:16]} 57. Kxf5 {[%clk 0:00:11]}  Kc5 {[%clk 0:00:16]} 58. d6 {[%clk 0:00:10]}  Nxf4 {[%clk 0:00:07]} 59. d7 {[%clk 0:00:09]}  Kd6 {[%clk 0:00:06]} 60. d8=Q+ {[%clk 0:00:09]} 1-0

[Event "April 9 Early 2024"]
[Site "Chess.com"]
[Date "2024.04.09"]
[Round "6"]
[White "Migot, Tangi"]
[Black "Dubnevych, Maksym"]
[Result "0-1"]
[Board "124"]
[WhiteFideId "662445"]
[BlackFideId "14184001"]
[WhiteTitle "IM"]
[BlackTitle "FM"]
[WhiteElo "2545"]
[BlackElo "2745"]
[WhiteTeam "FRA"]
[BlackTeam "UKR"]
[WhiteClock "0:00:05"]
[BlackClock "0:00:43"]
[Variant "Standard"]

1. e4 {[%clk 0:03:00]}  d5 {[%clk 0:02:59]} 2. exd5 {[%clk 0:03:00]}  Qxd5 {[%clk 0:03:00]} 3. Nf3 {[%clk 0:03:01]}  Bg4 {[%clk 0:02:59]} 4. Be2 {[%clk 0:03:01]}  Nc6 {[%clk 0:02:59]} 5. O-O {[%clk 0:03:02]}  O-O-O {[%clk 0:02:59]} 6. Nc3 {[%clk 0:03:02]}  Qa5 {[%clk 0:02:53]} 7. Rb1 {[%clk 0:03:00]}  e5 {[%clk 0:02:49]} 8. a3 {[%clk 0:02:49]}  Bxf3 {[%clk 0:02:37]} 9. Bxf3 {[%clk 0:02:48]}  Nd4 {[%clk 0:02:38]} 10. b4 {[%clk 0:02:43]}  Qb6 {[%clk 0:02:37]} 11. Bd5 {[%clk 0:02:37]}  f5 {[%clk 0:02:36]} 12. Kh1 {[%clk 0:02:32]}  Nf6 {[%clk 0:02:35]} 13. Ba2 {[%clk 0:02:27]}  h5 {[%clk 0:02:31]} 14. d3 {[%clk 0:02:25]}  h4 {[%clk 0:02:30]} 15. h3 {[%clk 0:02:22]}  Bd6 {[%clk 0:02:11]} 16. Be3 {[%clk 0:02:20]}  Qc6 {[%clk 0:02:09]} 17. Ne2 {[%clk 0:02:01]}  Nxe2 {[%clk 0:01:54]} 18. Qxe2 {[%clk 0:02:02]}  Kb8 {[%clk 0:01:50]} 19. c4 {[%clk 0:01:49]}  e4 {[%clk 0:01:41]} 20. d4 {[%clk 0:01:42]}  f4 {[%clk 0:01:41]} 21. d5 {[%clk 0:01:27]}  Qe8 {[%clk 0:01:41]} 22. Bd4 {[%clk 0:01:15]}  Be5 {[%clk 0:01:41]} 23. Qb2 {[%clk 0:01:07]}  Bxd4 {[%clk 0:01:40]} 24. Qxd4 {[%clk 0:01:08]}  Qh5 {[%clk 0:01:25]} 25. f3 {[%clk 0:00:54]}  e3 {[%clk 0:01:21]} 26. Qxf4 {[%clk 0:00:53]}  Rhe8 {[%clk 0:01:19]} 27. Rfe1 {[%clk 0:00:53]}  Qe5 {[%clk 0:01:05]} 28. Qxe5 {[%clk 0:00:44]}  Rxe5 {[%clk 0:01:06]} 29. Rb2 {[%clk 0:00:40]}  Nh5 {[%clk 0:01:04]} 30. Bb1 {[%clk 0:00:34]}  c6 {[%clk 0:00:53]} 31. Be4 {[%clk 0:00:22]}  Ng3+ {[%clk 0:00:53]} 32. Kg1 {[%clk 0:00:23]}  cxd5 {[%clk 0:00:52]} 33. Bxd5 {[%clk 0:00:20]}  Rc8 {[%clk 0:00:46]} 34. Rb3 {[%clk 0:00:19]}  e2 {[%clk 0:00:46]} 35. Rb2 {[%clk 0:00:16]}  b5 {[%clk 0:00:46]} 36. Rc2 {[%clk 0:00:08]}  Rxd5 {[%clk 0:00:45]} 37. cxd5 {[%clk 0:00:06]}  Rxc2 {[%clk 0:00:46]} 38. Kf2 {[%clk 0:00:06]}  Rd2 {[%clk 0:00:46]} 39. f4 {[%clk 0:00:06]}  Rxd5 {[%clk 0:00:45]} 40. Kf3 {[%clk 0:00:05]}  Rd3+ {[%clk 0:00:43]} 0-1